000 00631 a2200193 4500
001 126242
020 _a9786500321951
040 _cEscola Canadense de Niteroi
090 _aBRO
100 _aBroitman, Sophia
245 1 0 _aLinha reta
260 _aSão Paulo
300 _a81 p.
_bil.
362 0 _a2021
520 _aSemana que vem o mundo será derrotado um planeta colidirá com outro nossa terra abraçará fragmento interestelar Assistiremos como se fosse um filme bom todos terão o mesmo dom acabar.
650 4 _aPoesias, Poemas, Versos ou Teatro
650 4 _aLiteratura para Jovem Adulto
942 _cBK
999 _c126242
_d126242